Hospodárske a sociálne dopady Priemyslu 4.0 národný projekt: Podpora kvality sociálneho dialógu

Salvato in:
Dettagli Bibliografici
Autore principale: Luptáčik, Mikuláš
Altri autori: Lábaj, Martin, 1982-, Jankovič, Patrik, 1992-, Majzlíková, Erika, 1993-, Martišková, Monika, Ondrejičková, Katarína, Švardová, Viktória, 1991-, Vitáloš, Matej, 1993-
Natura: Libro
Lingua:slovacco
Pubblicazione: Bratislava Konfederácia odborových zväzov Slovenskej republiky 2020
Edizione:1. vydanie
Soggetti:
Tags: Aggiungi Tag
Nessun Tag, puoi essere il primo ad aggiungerne!!

MARC

LEADER 00000nlm a2200000 4500
001 0270799
005 20240507065531.7
041 0 |a slo 
044 |a SK 
245 1 0 |a Hospodárske a sociálne dopady Priemyslu 4.0  |b národný projekt: Podpora kvality sociálneho dialógu  |c Autorský kolektív: Mikuláš Luptáčik, Martin Lábaj, Patrik Jankovič, Erika Majzlíková, Monika Martišková, Katarína Ondrejičková, Viktória Švardová, Matej Vitáloš 
250 |a 1. vydanie 
264 1 |a Bratislava  |b Konfederácia odborových zväzov Slovenskej republiky  |c 2020 
300 |a 205 s. 
610 2 0 |a priemysel 4.0 
610 2 0 |a javy ekonomické 
610 2 0 |a javy sociálne 
610 2 0 |a trh práce 
610 2 0 |a zamestnanosť 
610 2 0 |a kvalifikácia 
610 2 0 |a automatizácia 
100 1 |a Luptáčik, Mikuláš 
700 1 |a Lábaj, Martin, 1982- 
700 1 |a Jankovič, Patrik, 1992- 
700 1 |a Majzlíková, Erika, 1993- 
700 1 |a Martišková, Monika 
700 1 |a Ondrejičková, Katarína 
700 1 |a Švardová, Viktória, 1991- 
700 1 |a Vitáloš, Matej, 1993-